A Content analysis of help and instruction offered through the academic library website (Record no. 133155)

MARC details
000 -LEADER
fixed length control field 00790nam a2200217 a 4500
008 - FIXED-LENGTH DATA ELEMENTS--GENERAL INFORMATION
fixed length control field
049 ## - LOCAL HOLDINGS (OCLC)
Holding library MAIN
090 ## - LOCALLY ASSIGNED LC-TYPE CALL NUMBER (OCLC); LOCAL CALL NUMBER (RLIN)
Classification number (OCLC) (R) ; Classification number, CALL (RLIN) (NR) SC Z672
Local cutter number (OCLC) ; Book number/undivided call number, CALL (RLIN) NCU
003 - CONTROL NUMBER IDENTIFIER
control field
005 - DATE AND TIME OF LATEST TRANSACTION
control field 20230123124942.0
040 ## - CATALOGING SOURCE
Transcribing agency NUST
100 1# - MAIN ENTRY--PERSONAL NAME
Personal name Ncube, Aleck.
245 10 - TITLE STATEMENT
Title A Content analysis of help and instruction offered through the academic library website
Remainder of title A case study of selected academic libraries in Zimbabwe/
Statement of responsibility, etc. Aleck Ncube.
260 ## - PUBLICATION, DISTRIBUTION, ETC.
Place of publication, distribution, etc. Bulawayo
Name of publisher, distributor, etc. NUST, 2007.
300 ## - PHYSICAL DESCRIPTION
Extent xii, 82 p+(various pagings). :
Other physical details ill, ;
Dimensions 30 cm.
504 ## - BIBLIOGRAPHY, ETC. NOTE
Bibliography, etc. note Includes bibliographical references.
500 ## - GENERAL NOTE
General note Thesis(MScLIS)---NUST, 2007.
700 ## - ADDED ENTRY--PERSONAL NAME
Personal name NUST.
Numeration Dept. Of Library and Informatiom Science.
Title of a work Thesis.
907 ## - LOCAL DATA ELEMENT G, LDG (RLIN)
a .b1026520x
b 24-11-15
c 20-08-09
942 ## - ADDED ENTRY ELEMENTS (KOHA)
Koha item type Ordinary Loan Books
Call number prefix SC Z672
Call number suffix NCU
Holdings
Date last seen Total Checkouts Full call number Barcode Cost, replacement price Price effective from Koha item type Lost status Source of classification or shelving scheme Damaged status Not for loan Collection Withdrawn status Home library Current library Shelving location Date acquired Cost, normal purchase price
01/23/2023   SC Z672 NCU 92004011464 80.00 01/23/2023 BOOKS   LCC     NFIC   MAIN MAIN GEN 01/23/2023 80.00